header

Adaptive mechanisms in migraine (Record no. 57473)

MARC details
000 -LEADER
fixed length control field 01700nam a2200313 a 4500
082 04 - DEWEY DECIMAL CLASSIFICATION NUMBER
Classification number 616.8/4912
245 00 - TITLE STATEMENT
Title Adaptive mechanisms in migraine
260 ## - PUBLICATION, DISTRIBUTION, ETC. (IMPRINT)
Place of publication New York :
Name of publisher Nova Science Publishers,
Year of publication c2009.
300 ## - PHYSICAL DESCRIPTION
Number of Pages xviii, 126 p.
505 0# - FORMATTED CONTENTS NOTE
Formatted contents note Background: what ails migraine research? -- Quest for a new research paradigm for migraine: why and how -- Nausea/vomiting-vasopressin nexus in migraine -- Magnesium depletion, migraine, and cellular adaptation -- Stress, brain autonomic function, BBB, and migraine -- Pupil, eyelid, and migraine -- Prolactin, melatonin, stress, and migraine -- Evoked potentials, migraine, and arousal -- The platelet-serotonin-brain neuronal connection: milestone or millstone?
650 #0 - SUBJECT ADDED ENTRY--TOPICAL TERM
Topical Term Migraine.
700 1# - ADDED ENTRY--PERSONAL NAME
Personal name Gupta, Vinod Kumar,
856 40 - ELECTRONIC LOCATION AND ACCESS
Uniform Resource Identifier http://site.ebrary.com/lib/rucke/Doc?id=10675189

No items available.

© 2026 Rongo University
Contact us: librarian | system librarian | Rongo university